Spectral line shapes in Astrophysics (Record no. 17330)

MARC details
000 -LEADER
fixed length control field 00963nam a2200205Ia 4500
003 - CONTROL NUMBER IDENTIFIER
control field IN-BaIIA
008 - FIXED-LENGTH DATA ELEMENTS--GENERAL INFORMATION
fixed length control field 211028s9999 xx 000 0 eng d
020 ## - INTERNATIONAL STANDARD BOOK NUMBER
International Standard Book Number 978-0-7354-0449-6
040 ## - CATALOGING SOURCE
Transcribing agency IIA Library
080 ## - UNIVERSAL DECIMAL CLASSIFICATION NUMBER
Universal Decimal Classification number 535.338.3:52(082.1)
Item number SPE
111 ## - MAIN ENTRY--MEETING NAME
Meeting name or jurisdiction name as entry element Annual International Astrophysics Conference on Turbulence and nonlinear Processes in Astrophysical Plasmas
Number of part/section/meeting 6th
Location of meeting Sremski Karlovci
Date of meeting or treaty signing 2007 June 11-15
9 (RLIN) 32661
245 #0 - TITLE STATEMENT
Title Spectral line shapes in Astrophysics
Remainder of title proceedings of the VI Serbian Conference on spectral line shapes in Astrophysics (VI SCSLSA) , held in Sremski Karlovci, Serbia, 11 - 15 June 2007
Statement of responsibility, etc. edited by Luka Popovic and Milan S. Dimitrijevic
260 ## - PUBLICATION, DISTRIBUTION, ETC.
Place of publication, distribution, etc. Melville
Name of publisher, distributor, etc. American Institute of Physics
Date of publication, distribution, etc. 2007
300 ## - PHYSICAL DESCRIPTION
Extent [various pagings.]
650 ## - SUBJECT ADDED ENTRY--TOPICAL TERM
Topical term or geographic name entry element Astrophysics - congresses
9 (RLIN) 12189
650 ## - SUBJECT ADDED ENTRY--TOPICAL TERM
Topical term or geographic name entry element Spectral line - congresses
9 (RLIN) 32662
700 ## - ADDED ENTRY--PERSONAL NAME
Personal name Dimitrijevic, Milan S. ed.
9 (RLIN) 32663
700 ## - ADDED ENTRY--PERSONAL NAME
Personal name Popovic , Luka., ed.
9 (RLIN) 32664
942 ## - ADDED ENTRY ELEMENTS (KOHA)
Koha item type Books
Holdings
Withdrawn status Lost status Damaged status Not for loan Home library Current library Shelving location Date acquired Source of acquisition Total Checkouts Full call number Barcode Date last seen Price effective from Koha item type Purchase Price
        IIA Library-Bangalore IIA Library-Bangalore General Stacks 01/06/2009 SSB   535.338.3:52(082.1)/ SPE 18252 05/11/2021 01/06/2009 Books £ 9.99

Powered by Koha